| 000 | 00335nam a22001457a 4500 | ||
|---|---|---|---|
| 003 | OSt | ||
| 005 | 20160727222348.0 | ||
| 008 | 160621b xxu||||| |||| 00| 0 eng d | ||
| 040 | _cTest | ||
| 100 |
_9314 _aMoore, E |
||
| 245 | _aTen Christmas tales | ||
| 260 |
_aN.Y _b Scholastic _c1997 |
||
| 300 | _aTen Christmas tales | ||
| 942 |
_2ddc _cBK |
||
| 999 |
_c254 _d254 |
||